Top 50 players of All-time - Statistics

General Stats
  • This quiz has been taken 22 times
  • The average score is 22 of 50
Answer Stats
Hint Answer % Correct
Bulls Michael Jordan
86%
Lakers Magic Johnson
81%
lakers Kareem Abdul-Jabbar
76%
Celtics Larry Bird
76%
Jazz Karl Malone
71%
76ers Moses Malone
71%
Lakers Shaquille O’Neal
71%
Warriors Wilt Chamberlain
71%
Jazz John Stockton
67%
Bulls Scottie Pippen
67%
Pistons Isiah Thomas
62%
Lakers Jerry West
62%
Bucks Oscar Robertson
62%
Celtics Bill Russell
57%
Rockets Hakeem Olajuwon
57%
Knicks Patrick Ewing
57%
Blazers Clyde Drexler
52%
Nets Julius Erving
52%
Spurs David Robinson
48%
Celtics Kevin McHale
48%
Blazers Bill Walton
43%
Celtics Bob Cousy
43%
Suns Charles Barkley
43%
Lakers Elgin Baylor
43%
Celtics John Havlicek
43%
Blazers Lenny Wilkens
43%
Lakers James Worthy
38%
Warriors Rick Barry
38%
Celtics Robert Parish
38%
Knicks Walt Frazier
38%
Bullets Wes Unseld
38%
Nationals Dolph Schayes
33%
Jazz Pete Maravich
33%
Celtics Sam Jones
33%
Celtics Dave Cowens
29%
Bullets Elvin Hayes
29%
Lakers George Mikan
29%
Hawks Bob Pettit
24%
Pistons Dave Bing
24%
Warriors Nate Thurmond
24%
76ers Billy Cunningham
19%
Knicks Earl Monroe
19%
76ers Hal Greer
19%
Kings Nate Archibald
19%
Warriors Paul Arizin
19%
Knicks Willis Reed
19%
Knicks Dave DeBusschere
14%
Spurs George Gervin
14%
Celtics Bill Sharman
10%
Royals Jerry Lucas
10%
No matching quizzes found
Score Distribution
Percent of People with Each Score
Percentile by Number Answered
Your Score History
You have not taken this quiz